Statistics for Brick by Boring Brick Lyrics

Click here to take the quiz!

General Stats

  • This quiz has been taken 7 times
  • The average score is 263 of 393

Answer Stats

HintAnswer% Correct
castle
100%
I
100%
it
100%
It's
100%
it's
100%
me
100%
Verse 2So
100%
the
100%
to
100%
you
100%
a
67%
and
67%
Outro | Post-ChorusBa
67%
(ba
67%
ba
67%
ba)
67%
be
67%
because
67%
behind
67%
bury
67%
but
67%
butterflies
67%
can
67%
can't
67%
clock
67%
clouds
67%
coiled
67%
da
67%
deep
67%
dig
67%
dirty
67%
fairy
67%
far
67%
feel
67%
feet
67%
find
67%
for
67%
forgotten
67%
get
67%
ChorusGo
67%
go
67%
ground
67%
hand
67%
he
67%
head's
67%
heart
67%
her
67%
hold
67%
hole
67%
if
67%
in
67%
is
67%
left
67%
life
67%
lives
67%
magic
67%
not
67%
now)
67%
now
67%
of
67%
off
67%
on
67%
real
67%
ripping
67%
Verse 1She
67%
she's
67%
shovel
67%
smell
67%
somewhere
67%
struck
67%
tale
67%
taste
67%
that
67%
too
67%
tragic
67%
trick
67%
twelve
67%
up
67%
us
67%
was
67%
Bridge | ChorusWell
67%
well
67%
we'll
67%
when
67%
wings
67%
with
67%
world
67%
your
67%
about
33%
all
33%
angles
33%
believe
33%
blow
33%
boring
33%
brick
33%
build
33%
built
33%
by
33%
came
33%
crying
33%
dark
33%
day
33%
down
33%
even
33%
exposure
33%
eyes
33%
figure
33%
finally
33%
found
33%
gonna
33%
home
33%
Pre-ChorusKeep
33%
lens
33%
make
33%
oh
33%
one
33%
or
33%
out
33%
prince
33%
rest
33%
save
33%
see
33%
sure
33%
that's
33%
told
33%
true
33%
want
33%
were
33%
where
33%
Post-ChorusWoah
33%
wolf's
33%
won't
33%
wrong
33%
yeah
33%
better
0%
without
0%
(you'll
0%

Score Distribution

Percentile by Number Answered

Percent of People with Each Score

Your Score History

You have not taken this quiz